000 00352cam a2200133ua 4500
999 _c12031
_d12031
003 OSt
008 191019b ||||| |||| 00| 0 eng d
082 _a894.812301
_bSHA/TA
100 _aSharma, R.C .
_94304
245 _aTagornte kathatnangal /
260 _a :
_bSahitya Pravarthaka Co-operative Society ,
_c1961.
300 _a567 ; .
942 _cBK